Human Resource Management / (Record no. 1124)

MARC details
000 -LEADER
Fixed length control field 00487nam a2200169 4500
003 - CONTROL NUMBER IDENTIFIER
Control field SEACOMMC
005 - DATE AND TIME OF LATEST TRANSACTION
Control field 20250506130808.0
008 - FIXED-LENGTH DATA ELEMENTS--GENERAL INFORMATION
Fixed length control field 250307b |||||||| |||| 00| 0 eng d
020 ## - INTERNATIONAL STANDARD BOOK NUMBER / ISBN
International Standard Book Number 978-81-8371-610-9
Price Rs.290.00
040 ## - CATALOGING SOURCE
Original cataloging agency SEACOMMC
082 ## - DEWEY DECIMAL CLASSIFICATION NUMBER
Classification number 658.3
Book Number S 453
100 ## - MAIN ENTRY--PERSONAL NAME
Personal name Seetharaman, S
245 1# - TITLE STATEMENT
Title Human Resource Management /
Statement of responsibility S Seetharaman [and] B. Venkateswara Prasad
260 ## - IMPRINT
Place of publication Hyderabad
Name of publisher Scitech Publications
Date of publication c2007
650 ## - SUBJECT ADDED ENTRY--TOPICAL TERM
Topical term Management
942 ## - ADDED ENTRY ELEMENTS (KOHA)
Koha item type Books
Holdings
Withdrawn status Lost status Source of classification Damaged status Not for loan Home library Current library Shelving location Date acquired Total Checkouts Call number Accession number Date last seen Price effective from Koha item type Copy number
    Dewey Decimal Classification     SEACOM MANAGEMENT COLLEGE SEACOM MANAGEMENT COLLEGE Reference 16/09/2009   658.3 S 453 M-2467 07/03/2025 07/03/2025 Reference Books  
    Dewey Decimal Classification     SEACOM MANAGEMENT COLLEGE SEACOM MANAGEMENT COLLEGE   16/09/2009   658.3 S 453 M-2468 07/03/2025 07/03/2025 Books 1
    Dewey Decimal Classification     SEACOM MANAGEMENT COLLEGE SEACOM MANAGEMENT COLLEGE   16/09/2009   658.3 S 453 M-2469 07/03/2025 07/03/2025 Books 2
© Seacom Engineering College, All rights reserved.    Powered by Koha